书目信息 |
| 题名: |
生态与绿化
|
|
| 作者: | 朱文霜 著 | |
| 分册: | ||
| 出版信息: | 北京 中国纺织出版社 2017.9 |
|
| 页数: | 260页 | |
| 开本: | 24cm | |
| 丛书名: | ||
| 单 册: | ||
| 中图分类: | TU201.5 | |
| 科图分类: | ||
| 主题词: | 生态建筑--景观设计 | |
| 电子资源: | ||
| ISBN: | 978-7-5180-2791-0 | |
| 000 | 00951nam0 2200241 450 | |
| 001 | 0400004255 | |
| 005 | 20171023163325.0 | |
| 010 | @a978-7-5180-2791-0@dCNY68.00 | |
| 100 | @a20170905d2017 em y0chiy50 ea | |
| 101 | 0 | @achi |
| 102 | @aCN@b110000 | |
| 105 | @aa z 000yy | |
| 106 | @ar | |
| 200 | 1 | @a生态与绿化@9sheng tai yu lv hua@e景观设计理论与方法研究@f朱文霜著 |
| 210 | @a北京@c中国纺织出版社@d2017.9 | |
| 215 | @a260页@c图@d24cm | |
| 330 | @a本书基于当前城市景观设计对于生态和绿化的需求空前迫切的现状,从多个方面对景观设计的原理与实践进行了分析,包括生态景观设计的构成要素、生态绿化景观设计的发展史、生态绿化景观设计的技术与审美法则、各种城市生态绿化景观设计的原则与设计方法等。 | |
| 517 | 1 | @a景观设计理论与方法研究@9jing guan she ji li lun yu fang fa yan jiu |
| 606 | 0 | @a生态建筑@x景观设计 |
| 690 | @aTU201.5@v5 | |
| 701 | 0 | @a朱文霜@9zhu wen shuang@4著 |
| 801 | 0 | @aCN@b91MARC@c20171023 |
| 905 | @b1028191-5@dTU201.5@f5@e1094 | |
| 生态与绿化:景观设计理论与方法研究/朱文霜著.-北京:中国纺织出版社,2017.9 |
| 260页:图;24cm |
| ISBN 978-7-5180-2791-0:CNY68.00 |
| 本书基于当前城市景观设计对于生态和绿化的需求空前迫切的现状,从多个方面对景观设计的原理与实践进行了分析,包括生态景观设计的构成要素、生态绿化景观设计的发展史、生态绿化景观设计的技术与审美法则、各种城市生态绿化景观设计的原则与设计方法等。 |
| ● |
| 相关链接 |
|
|
|
|
正题名:生态与绿化
索取号:TU201.5/1094
 
预约/预借
| 序号 | 登录号 | 条形码 | 馆藏地/架位号 | 状态 | 备注 |
| 1 | 1028191 | 210281915 | 第二样本阅览室/ [索取号:TU201.5/1094] | 在馆 | |
| 2 | 1028192 | 210281924 | 密集书库-生命科学系/ [索取号:TU201.5/1094] | 在馆 | |
| 3 | 1028193 | 210281933 | 第三借阅区/ [索取号:TU201.5/1094] | 在馆 | |
| 4 | 1028194 | 210281942 | 第三借阅区/ [索取号:TU201.5/1094] | 在馆 | |
| 5 | 1028195 | 210281951 | 第三借阅区/ [索取号:TU201.5/1094] | 在馆 |